Quizzes
Events
Quiz Creation
Community
Videos
Private Events
Remove Ads
Sign In
Join for FREE
Feedback
Dark Mode
Quiz Categories
Sports
Geography
Music
Movies
Television
Just For Fun
Miscellaneous
History
Literature
Language
Science
Gaming
Entertainment
Religion
Holiday
For Kids
Quiz Lab
Recent
Popular Today
Quiz Kudos Today
Editor Picks
Curator Picks
Quizzes by...
Day
Popularity
Type
Ratings
Length
Year
Community
Subscriptions
Recent Discussions
Orange Saloon
Badges
Playlists
Quests
Create
Leaderboards
Showdown
Live 5
Trivia Bingo
Activity
Puzzle Library
Sporcle Events
Private Events
Virtual Trivia
Globe League
Become a Host
Pub Owners
SporcleCon
Opinionation
Our Games
Videos
Blog
Mobile Apps
Partnerships
Remove Ads and Go Orange
Feedback
Gaming
Video Games
Board Games
Card Games
Pokémon
Mario
Nintendo
Minecraft
Console
Toys
Legend of Zelda
Gaming
Video Games
Board Games
Card Games
Pokémon
Mario
Nintendo
Minecraft
Console
Toys
Legend of Zelda
Random Quiz
Search Sporcle
×
Quiz Lab
Quiz Lab
Gaming
faction
Type in answers that appear in a list
Type in answers that appear in a list
Classic
Best Score? Go Orange.
The Brutal Legend solos Stats
Can you name the the Brutal Legend solos?
By
pikachuzilla
5m
28 Questions
79 Plays
79 Plays
79 Plays
Comments
Comments
Give Quiz Kudos
Give Quiz Kudos
-
- Ratings
hide this ad
Replay
Link that replays current quiz
Next Quiz
Link to next quiz in quiz playlist
You Got
0%
They Got
Avg Score
51%
Avg Friend Score
Upgrade to see
Score Distribution
Jump to the score distribution portion of the page
Score
0/28
Timer
05:00
0
Plays Today
Faction
Solo
% Correct
Ironheade
Facemelter
86.1%
Ironheade
Summon Deuce
82.3%
Ironheade
Call of the Wild
75.9%
Ironheade
Battle Cry
72.2%
Ironheade
Bring it on Home
72.2%
All
Rally Army
69.6%
Ironheade
Relic Raiser
67.1%
All
Fan Tribute
65.8%
Ironheade
Rock Block
63.3%
All
Summon Flag
60.8%
Ironheade
Anvil of Burden
54.4%
Ironheade
Light of Dawn
53.2%
Drowning Doom
Summon Hearse
49.4%
Tainted Coil
Summon Chariot
48.1%
Faction
Solo
% Correct
Tainted Coil
Martyrdom
44.3%
Tainted Coil
Summon Tick Choppers
43%
Tainted Coil
Summon Agony Boil
41.8%
Tainted Coil
Chains of Hell
41.8%
Tainted Coil
Curse
41.8%
Drowning Doom
Silence
41.8%
Tainted Coil
Launch of Death
36.7%
Tainted Coil
Skies Afire
36.7%
Drowning Doom
Black Tear Infusion
36.7%
Drowning Doom
Veil of Deceit
35.4%
Drowning Doom
Shadow Blast
32.9%
Drowning Doom
Encompassing Gloom
32.9%
Drowning Doom
Weeping Heavens
32.9%
Drowning Doom
Baleful Misdirection
30.4%
Quiz Playlist
Details
Report
Send in Message
Add To Playlist
Classic:
Type in answers that appear in a list
Quiz Source
Last Updated: Feb 16, 2017
Quiz Scoreboard
CHALLENGE
Sign Up to Join the Scoreboard
Show All
Scores
Hide
Comments
May contain spoilers
Recently Published
9x9 Crossword: Cartoon Network
by jackfrog10
Miscellaneous
3m
College Basketball Coaching Resumes
by pancakes188
Sports
9m
Billboard Blitz: Fleetwood Mac
by CooCooCachoo
Music
15s
More to Explore
Quiz From the Vault
Featured Blog Post
Where Did the Easter Bunny Come From?
hide this ad
You Might Also Like...
Tags
brutal
faction
legend
solo
Today's Top Quizzes in Gaming
Browse Gaming
hide this ad
Today's Top Quizzes in faction
Browse faction
Top Contributed Quizzes in Gaming
1
5-to-1: Consoles
2
7-to-1: Board Game Piece Blitz
3
5-to-1: Legend of Zelda
4
League of Legends Pro Players by Career/Team History
5
Destiny 2 exotic weapons by perk icons
6
Ultimate Genshin Impact Logic Puzzle (up to 4.3)
7
Franchise by Action Figure
8
Who's on the WWE 2K24 Cover?
9
Genshin Impact Logic Puzzle Quiz
10
Overwatch Logic Puzzle
Explore More
Trending Topics
NBA
Marvel
Harry Potter
Kpop
Crossword
Disney
Anime
Pokémon
NFL
The Office
Country
WWE
Song
Puzzle
Soccer
hide this ad
More By:
pikachuzilla
Quiz
Plays
Rating
Category
Featured
Created
Pokemon Moves-Steel
406
4.00
Gaming
Dec 6, 2009
the pokemon moves-Dragon?
327
4.40
Gaming
Nov 9, 2009
halo-aliens by covenant names
287
5.00
Gaming
Nov 8, 2009
the pokemon moves-Psychic?
267
3.75
Gaming
Nov 9, 2009
Pokemon Moves-Dark
105
Gaming
Dec 6, 2009
Go to Creator's Profile
Score Distribution
Quiz Creator Spotlight
pikachuzilla
Follow
Send a Message
Quizzes Created
-
Created Quiz Play Count
-
More By This Creator
Popular Quizzes Today
1
Find the US States - No Outlines Minefield
2
Find the Countries of Europe - No Outlines Minefield
3
The Countries of the World
4
Find the US States
5
Risky Map Clicking: Biggest States A-Z
6
US States
7
Popular People in 1961
8
Movies - When Are They Set?
More Gaming Quizzes
Dragon Ball Z: PlayStation 2 Games
Quiz Lab
Trending Quizzes
Risky Map Clicking: Least Populous States A-Z
1-10 Letter G Words
1-10 Letter F Words
Risky Map Clicking: Next State Alphabetically
Adjectives in 80s TV Shows
Recently Updated
Leaping Animals
pecheneg
Reality TV Shows (A-Z)
bhenderson79
Rickey Henderson's Hall of Fame Teammates
pecheneg
Champions League XIs: Arsenal
pecheneg
Quick Pick: Celebrities in WWE's Hall of Fame
aduchscher
A-Z Keypad Blitz II
pecheneg
Multiple Oscar Actors
pecheneg
Mystery Phrase Blitz: Oscar 'Best Actors'
pecheneg
F. Scott Fitzgerald Novels
LTH
Pick 3 Villains
ddd62291
Trending Topics
NBA
Disney
Marvel
Anime
Crossword
Harry Potter
Kpop
Pokémon
Country
The Office
Puzzle
NFL
Soccer
Song
WWE
Your Account Isn't Verified!
In order to create a playlist on Sporcle, you need to verify the email address you used during registration. Go to your
Sporcle Settings
to finish the process.
Report this User
Report this user for behavior that violates our
Community Guidelines
.
Details:
Send Report
Go to the Sporcle.com Mobile Site →
Comments